Pokemon - Unique type ou double types ? #1 - Click Quiz - Statistiques

Statistiques générales
  • Ce quiz a été pris 758 fois
  • Le résultat moyen est 40 sur 51
Statistiques - réponses
Hint Réponse % Correct
Goupix (37) Unique
89%
Elekid (239) Unique
89%
Voltali (135) Unique
89%
Soporifik (96) Unique
88%
Corboss (430) Double
87%
Galopa (78) Unique
87%
Machopeur (67) Unique
87%
Rattatac (20) Unique
86%
Chapignon (286) Double
85%
Lucanon (738) Double
85%
Sharpedo (319) Double
85%
Lunala (782) Double
85%
Karaclée (539) Unique
85%
Osselait (104) Unique
85%
Angoliath (861) Double
84%
Braisillon (662) Double
84%
Etourvol (387) Double
84%
Steelix (208) Double
84%
Porygon2 (233) Unique
84%
Phione (489) Unique
84%
Exagide (681) Double
83%
Démétéros (645) Double
83%
Vacilys (346) Double
83%
Gringolem (622) Double
83%
Nucléos (577) Unique
83%
Limagma (218) Unique
83%
Chacripan (509) Unique
83%
Maganon (467) Unique
82%
Araqua (751) Double
81%
Octillery (224) Unique
81%
Scarhino (214) Double
80%
Monorpale (679) Double
80%
Kungfouine (619) Unique
80%
Colombeau (520) Double
79%
Gravalanch (75) Double
79%
Dodoala (775) Unique
79%
Ossatueur (105) Unique
79%
Deoxys (386) Unique
79%
Darkrai (491) Unique
78%
Herbizarre (2) Double
76%
Statitik (595) Double
72%
Ramoloss (79) Double
69%
Balbuto (343) Double
69%
Racaillou (74) Double
69%
Victini (494) Double
69%
Cabriolaine (672) Unique
69%
Ohmassacre (604) Unique
67%
Azurill (298) Double
65%
Boskara (388) Unique
64%
Mime Jr (439) Double
51%
Pandespiègle (674) Unique
45%
Aucun quiz correspondant
Distribution des résultats
% des personnes avec chaque résultat
Percentile par nombre de réponses
Votre historique - résultats
Vous n’avez pas pris ce quiz